Welcome to CU Library Online Public Access Catalogue (OPAC)

Strategies for Theory Construction in Nursing (Record no. 7951)

MARC details
000 -LEADER
fixed length control field 00537nam a22001697a 4500
005 - DATE AND TIME OF LATEST TRANSACTION
control field 20251030122651.0
008 - FIXED-LENGTH DATA ELEMENTS--GENERAL INFORMATION
fixed length control field 251030b |||||||| |||| 00| 0 eng d
020 ## - INTERNATIONAL STANDARD BOOK NUMBER
International Standard Book Number 0838586805
050 ## - LIBRARY OF CONGRESS CALL NUMBER
Classification number RT84.5
Item number .W34
100 ## - MAIN ENTRY--PERSONAL NAME
Personal name Walker, Lorriane Olszewski
245 ## - TITLE STATEMENT
Title Strategies for Theory Construction in Nursing
Statement of responsibility, etc. Lorraine Olszewski Walker & Kay Coalson Avant
250 ## - EDITION STATEMENT
Edition statement 2nd ed.
260 ## - PUBLICATION, DISTRIBUTION, ETC.
Place of publication, distribution, etc. Norwalk, Connecticut
Name of publisher, distributor, etc. Appleton & Lange
Date of publication, distribution, etc. 1988
300 ## - PHYSICAL DESCRIPTION
Extent xi. 227p.
Other physical details ill.
Dimensions 23cm
700 ## - ADDED ENTRY--PERSONAL NAME
Personal name Avant, Kay Coalson
942 ## - ADDED ENTRY ELEMENTS (KOHA)
Source of classification or shelving scheme Library of Congress Classification
Koha item type Books
Edition 2nd ed.
Suppress in OPAC No
999 ## -
-- 7951
-- 7951
Holdings
Withdrawn status Lost status Source of classification or shelving scheme Damaged status Not for loan Collection Home library Current library Shelving location Date acquired Total checkouts Full call number Barcode Date last seen Copy number Price effective from Koha item type
    Library of Congress Classification     Non-fiction Science Library (Miotso) Science Library (Miotso) General stacks 10/30/2025   RT84.5 .W34 WAL SLM00005022 10/30/2025 1 10/30/2025 Books
© 2023-2024 Copyright: Central University Libraries. All Rights Reserved | Created by: Mahone Tech Office